| 000 | 00711nam a2200253 4500 | ||
|---|---|---|---|
| 001 | 2052 | ||
| 010 | _a9789722377010 | ||
| 021 |
_aPT _b547197/25 |
||
| 090 | _a2052 | ||
| 100 | _a20260212d2025 d||y0pory50030103ba | ||
| 101 | _apor | ||
| 102 | _aPT | ||
| 200 |
_aSerás sempre uma menina muito especial _fIsabella Miller _gtrad. Ana Rita Sintra |
||
| 205 | _a1ª edição | ||
| 210 | 9 |
_aLisboa _cPresença _d2025 |
|
| 215 |
_a102, [1] p. _cil. _d21 cm |
||
| 300 | _aBMB-Registado | ||
| 304 | _aTít. orig.: Siempre serás especial | ||
| 606 |
_9815 _aLiteratura Juvenil |
||
| 675 |
_a087.5 _vBMB _zpor |
||
| 700 |
_aMiller _bIsabella _92936 |
||
| 702 |
_aSintra _bAna Rita _4730 _92690 |
||
| 801 |
_aPT _bBMB _gRPC |
||
| 990 | _cLIVROS | ||